La humildad según San Benito (Record no. 184640)

MARC details
000 -LEADER
campo de control de longitud fija 00846nam a2200229 i 4500
001 - NÚMERO DE CONTROL
campo de control 184640
003 - IDENTIFICADOR DE NÚMERO DE CONTROL
campo de control ES-MaACL
005 - FECHA Y HORA DE LA ÚLTIMA TRANSACCIÓN
campo de control 20230906222238.0
007 - CAMPO FIJO DE DESCRIPCIÓN FÍSICA--INFORMACIÓN GENERAL
campo de control de longitud fija t|
008 - DATOS DE LONGITUD FIJA--INFORMACIÓN GENERAL
campo de control de longitud fija 151029s1962 sp ||||1| spa d
100 1# - ENTRADA PRINCIPAL--NOMBRE DE PERSONA
Nombre de persona Belorgey, Godefroid.
9 (RLIN) 27315
245 13 - MENCIÓN DEL TÍTULO
Título La humildad según San Benito
Resto del título : un programa de perfección para las almas /
Mención de responsabilidad, etc. por Dom Godofredo Belorgey, abad del Císter ; traducida del francés por... Dom Buenaventura Ramos, abad de San Isidro de Dueñas.
260 ## - PUBLICACIÓN, DISTRIBUCIÓN, ETC.
Lugar de publicación, distribución, etc. Madrid :
Nombre del editor, distribuidor, etc. Perpetuo Socorro,
Fecha de publicación, distribución, etc. [1962]
300 ## - DESCRIPCIÓN FÍSICA
Extensión XVIII + 311 pág. ;
Dimensiones 17 cm.
490 1# - MENCIÓN DE SERIE
Mención de serie Espíritu Trapense ;
Designación de volumen o secuencia 1
600 04 - PUNTO DE ACCESO ADICIONAL DE MATERIA--NOMBRE DE PERSONA
Nombre de persona Benito
Títulos y otros términos asociados al nombre Santo.
9 (RLIN) 27667
650 #4 - PUNTO DE ACCESO ADICIONAL DE MATERIA--TÉRMINO DE MATERIA
Término de materia o nombre geográfico como elemento de entrada Humildad.
9 (RLIN) 158040
700 1# - ENTRADA AGREGADA--NOMBRE PERSONAL
Nombre de persona Ramos Caballero, Buenaventura.
9 (RLIN) 95288
830 0# - PUNTO DE ACCESO ADICIONAL DE SERIE-TÍTULO UNIFORME
Título uniforme Espíritu Trapense ;
Designación de volumen o secuencia 1
9 (RLIN) 192221
852 ## - LOCALIZACIÓN
Ubicación ES-MaACL
Número de control de estantería E-3868
Holdings
Estatus retirado Estado de pérdida Estado de daño No para préstamo Biblioteca de origen Biblioteca actual Ubicación en estantería Fecha de adquisición Fuente de adquisición Total de préstamos Signatura topográfica completa Código de barras Visto por última vez Precio de reemplazo Tipo de ítem Koha
        Biblioteca del Ateneo de Madrid Biblioteca del Ateneo de Madrid Depósito 2 29/10/2015     E-3868 1194397 23/02/2023 23/02/2023 Libro impreso